| 000 | 00644cam a22002293a 4500 | ||
|---|---|---|---|
| 001 | 44604 | ||
| 003 | PGUSA | ||
| 005 | 20140828084022.0 | ||
| 008 | 140106s2014||||xxu|||||s|||||000 | eng d | ||
| 040 |
_aPGUSA _beng |
||
| 042 | _adc | ||
| 050 | 4 | _aTJ | |
| 100 | 1 | _aDoughty, Frank W. | |
| 245 | 1 | 0 |
_aHow to Become an Engineer _h[electronic resource] / _cFrank W. Doughty |
| 260 |
_bProject Gutenberg, _c2014 |
||
| 506 | _aPublic domain in the USA. | ||
| 516 | _aElectronic text | ||
| 653 | _aLocomotives -- Handbooks, manuals, etc. | ||
| 830 | 0 |
_aProject Gutenberg _v44604 |
|
| 856 | 4 | 0 | _uhttp://www.gutenberg.org/ebooks/44604 |
| 942 | _cEB | ||
| 999 |
_c273855 _d273855 |
||